| 000 | 00435cam a2200181ua 4500 | ||
|---|---|---|---|
| 020 | _c60.00 | ||
| 041 |
_aeng _h |
||
| 082 |
_a537 _bSMI/EL |
||
| 100 | _aSmith, C.J . | ||
| 245 |
_aElectricity and magnetism / _cC.J.Smith. _hTextual Documents |
||
| 250 |
_a3 / _b. |
||
| 260 |
_aCulcutta : _bRadha Publishing House , _c1985. |
||
| 300 | _a775 ; . | ||
| 365 | _a60.00 | ||
| 504 | _a | ||
| 942 | _cBK | ||
| 999 |
_c11090 _d11090 |
||